Culture général sur le Japon - Statistiques

Statistiques générales
  • Ce quiz a été pris 322 fois
  • Le résultat moyen est 9 sur 20
Statistiques - réponses
Questions Reponses % Correct
Quelle est la capitale du Japon ? Tokyo
100%
Quelle est la monnaie officielle du Japon ? Le Yen
97%
Quel est le plat traditionnel japonais composé de poisson cru et de riz vinaigré ? Sushi
94%
Comment s’appelle l’art japonais de plier le papier ? L'origami
91%
Quelle est la période de floraison des cerisiers au Japon ? Le printemps
78%
Quel est le nom du célèbre volcan situé près de Tokyo ? Le mont fuji
74%
Quel est le sport national du Japon ? Le sumo
74%
Quelle est la religion majoritaire au Japon ? Le Shintoisme
52%
Comment s’appelle le train à grande vitesse japonais ? Le Shinkansen
48%
Quel est le nom du célèbre studio d’animation japonais qui a crée Mon voisin Totoro ? Studio Ghibli
40%
Quel est le nom de la période historique durant laquelle le Japon était dirigé par des shoguns ? Edo
39%
Quel est le plus grand archipel du Japon ? Honshu
33%
Quel est le nom de l’art martial japonais utilisant un sabre ? Kendo
30%
Quel est le nom de l’île où se trouve la ville de Nagasaki ? Kyushu
30%
Quel est le nom du théâtre traditionnel japonais avec des masques ? Le No
27%
Quel est le nom de l’empereur actuel du Japon ? Naruhito
12%
Quel est le nom de la fête japonaise des étoiles célébrée en juillet ? Tanabata
7%
Quel est le nom du célèbre sanctuaire torii rouge situé sur l’île de Miyajima ? Itsukushima
5%
Quel est le nom du célèbre festival de neige qui se tient à Sapporo ? Yuki Matsuri
5%
Quel est le nom du célèbre marché aux poissons de Tokyo ? Toyosu
2%
Aucun quiz correspondant
Distribution des résultats
% des personnes avec chaque résultat
Percentile par nombre de réponses
Votre historique - résultats
Vous n’avez pas pris ce quiz